| 000 | 00528nam a2200181Ia 4500 | ||
|---|---|---|---|
| 003 | GCL | ||
| 008 | 140319s9999 xx 000 0 ara d | ||
| 040 |
_aGCL / _cGCL |
||
| 082 | 0 | 4 |
_a001.94 _bر ع |
| 100 | 1 | _aراجى عنايت | |
| 245 | 1 | 0 |
_aالعالم سنة 2000: مستقبل جديد للبشر / _cراجى عنايت |
| 490 |
_aاغرب من الخيال _v0 |
||
| 650 | 0 | 4 | _aالتكنولوجيا |
| 650 | 0 | 4 | _aالصناعة |
| 650 | 0 | 4 | _aالعالم |
| 650 | 0 | 4 | _aالقرن العشرين |
| 942 |
_2ddc _cBK |
||
| 999 |
_c46087 _d46087 |
||